Bioprocess engineering: Basic concepts (Record no. 25105)

MARC details
000 -LEADER
fixed length control field 00491nam a2200181Ia 4500
008 - FIXED-LENGTH DATA ELEMENTS--GENERAL INFORMATION
fixed length control field 230917s9999||||xx |||||||||||||| ||und||
020 ## - ISBN
Price RS649
040 ## - CATALOGING SOURCE
-- 244155
Original cataloging agency VIVEKANANDA LIBRARY
041 ## - Language
-- English
082 ## - DDC NUMBER
Classification number 660.6 S91B(2)
100 ## - MAIN ENTRY--PERSONAL NAME
Personal name Shuler, Michael L
245 #0 - TITLE STATEMENT
Title Bioprocess engineering: Basic concepts
250 ## - EDITION STATEMENT
Edition statement 2nd ed.
260 ## - PUBLICATION, DISTRIBUTION, ETC. (IMPRINT)
Place of publication, distribution, etc Noida
Name of publisher, distributor, etc Pearson India Education
Date of publication, distribution, etc 2018
300 ## - PHYSICAL DESCRIPTION
Pages xx, 553 p.
500 ## - GENERAL NOTE
General note 2984 20/12/2017 HBD17/2984 29/12/2017 Main Budget
942 ## - ADDED ENTRY ELEMENTS (KOHA)
Koha item type Books
Holdings
Withdrawn status Lost status Damaged status Not for loan Location (home branch) Sublocation or collection (holding branch) Date acquired Koha issues (times borrowed) Koha full call number Accession No. Koha date last seen Koha item type
        VIVEKANANDA LIBRARY VIVEKANANDA LIBRARY 29/01/2018 6 660.6 S91B(2) 371012 27/08/2025 Books
© Designed and Maintained by Vivekananda Library, MDU Rohtak